MADtv Cast Members Quiz Stats

 Plays Quiz not verified by Sporcle

Challenge
Share
Tweet
Embed
Score 0/58 Timer 20:00
0 Plays Today
Years Cast Member % Correct
1998-2008Michael McDonald
89.3%
2001-09Bobby Lee
84.4%
1995-2003Debra Wilson
83.1%
1998-2004Mo Collins
78.2%
1997-2002Will Sasso
77.8%
1995-2001Nicole Sullivan
77.4%
1997-2005Aries Spears
74.5%
2004-09Keegan-Michael Key
66.7%
1997-2002 Alex Borstein
66.3%
2003-09Nicole Parker
65.8%
2000-06Stephnie Weir
65.4%
1995-2000Phil LaMarr
64.2%
2003-08Jordan Peele
62.1%
1995-97Artie Lange
59.3%
1995-97Orlando Jones
58.8%
2001-06Frank Caliendo
58%
2002-07Ike Barinholtz
57.2%
2002-05Paul Vogt
52.7%
2002-04Josh Meyers
52.3%
2005-07Nicole Randall Johnson
46.5%
2007-08Anjelah Johnson
45.7%
2005-09Crista Flanagan
45.3%
1995-98Mary Scheer
44.9%
1995-97Bryan Callen
43.2%
1997-2000Pat Kilbane
43.2%
1995-97David Herman
42.8%
2005-09Arden Myrin
42.8%
2003-06Daniele Gaither
37%
2002-05Ron Pederson
36.2%
Years Cast Member % Correct
2000-02Andrew Daly
35.4%
2007-09Johnny Sanchez
34.6%
2001-02Taran Killam
31.7%
2005-07Frank Caeti
29.6%
2000Jeff Richards
28.4%
1995-97Craig Anton
27.2%
2002-03Jill-Michele Melean
26.3%
1997-98Chris Hogan
25.9%
1997-98Lisa Kushell
25.5%
1998-99Andrew Bowen
25.5%
1997Pablo Francisco
23.9%
1999-2001Nelson Ascencio
23.9%
2000-01Christian Duguay
23.9%
2008-09Erica Ash
23.5%
2001-02Kathryn Fiore
22.2%
2008-09Matt Braunger
22.2%
2003Christina Moore
21.4%
2008-09Eric Price
21.4%
2002-03Simon Helberg
21%
2003-04 Gillian Vigman
21%
2007Lisa Donovan
20.6%
2008Daheli Hall
20.2%
1997-98Tim Conlon
19.8%
2007-08Dan Oster
19.8%
2008-09Lauren Pritchard
18.5%
2003-04Melissa Paull
18.1%
2000-01Dannah Feinglass
17.7%
2000Brooke Totman
17.3%
2005Spencer Kayden
16.9%

You're not logged in!

Compare scores with friends on all Sporcle quizzes.
Join for Free
OR
Log In

You Might Also Like...

Show Comments

Extras

Top Quizzes Today


Score Distribution

Your Account Isn't Verified!

In order to create a playlist on Sporcle, you need to verify the email address you used during registration. Go to your Sporcle Settings to finish the process.

Report this User

Report this user for behavior that violates our Community Guidelines.

Details: